[Event "Staufer op-A 30th"]
[Site "Schwaebisch Gmuend"]
[Date "2018.01.05"]
[Round "8"]
[White "Schitco, Ivan"]
[Black "Brem, Stephan"]
[Result "1/2-1/2"]
[WhiteElo "2334"]
[BlackElo "2113"]
[PlyCount "150"]
[EventDate "2018.01.02"]
[EventType "swiss"]
[EventRounds "9"]
[EventCountry "GER"]
[SourceTitle "CBM 182 Extra"]
[Source "ChessBase"]
[SourceDate "2018.02.23"]
[SourceVersion "1"]
[SourceVersionDate "2018.02.23"]
[SourceQuality "1"]

1. d4 b6 2. e4 Bb7 3. Bd3 e6 4. Nf3 Nf6 5. e5 Nd5 6. c4 Nb4 7. Be2 Be4 8. Na3 d5 9. 0-0 Be7 10. cxd5 Nxd5 11. Nb5 0-0 12. Nd2 Bg6 13. Nc3 f6 14. exf6 Bxf6 15. Nde4 Nc6 16. Nxf6+ Qxf6 17. Nxd5 exd5 18. Be3 Ne7 19. Rc1 c6 20. Qa4 a5 21. Qb3 Rab8 22. Qc3 a4 23. g3 Bf5 24. Bf4 Rbe8 25. Be5 Qg6 26. f3 b5 27. g4 h5 28. h3 hxg4 29. hxg4 Bd7 30. Qd3 Qh6 31. f4 Ng6 32. g5 Nxe5 33. dxe5 Qh4 34. Qe3 Rf5 35. Qf2 Qxf2+ 36. Rxf2 Rff8 37. Bd3 Re6 38. g6 Be8 39. Re1 Rxg6+ 40. Bxg6 Bxg6 41. Rc1 Be8 42. f5 Bd7 43. f6 gxf6 44. exf6 Kf7 45. Rf4 Rg8+ 46. Kf2 Rg6 47. Rh1 Rg8 48. Rh7+ Ke6 49. f7 Rf8 50. Ke3 Ke5 51. Rh5+ Kd6 52. Rh6+ Ke5 53. Rff6 c5 54. Rhg6 d4+ 55. Kd2 Bf5 56. Rg8 Kxf6 57. Rxf8 Bg6 58. Rc8 Bxf7 59. Rxc5 Bc4 60. Kc2 Ke6 61. b3 axb3+ 62. axb3 d3+ 63. Kc3 d2 64. Kxd2 Bxb3 65. Rxb5 Bc4 66. Rc5 Bd5 67. Ke3 Bb7 68. Kd4 Bf3 69. Ra5 Bg2 70. Re5+ Kf6 71. Re8 Bb7 72. Ke3 Bd5 73. Kf4 Bg2 74. Re5 Bf1 75. Rh5 Ke6 1/2-1/2

[Event "Staufer op-A 30th"]
[Site "Schwaebisch Gmuend"]
[Date "2018.01.02"]
[Round "1"]
[White "Brem, Stephan"]
[Black "Zeller, Frank"]
[Result "0-1"]
[WhiteElo "2113"]
[BlackElo "2379"]
[PlyCount "60"]
[EventDate "2018.01.02"]
[EventType "swiss"]
[EventRounds "9"]
[EventCountry "GER"]
[SourceTitle "CBM 182 Extra"]
[Source "ChessBase"]
[SourceDate "2018.02.23"]
[SourceVersion "1"]
[SourceVersionDate "2018.02.23"]
[SourceQuality "1"]

1. b3 c5 2. Bb2 d6 3. g3 e5 4. Bg2 Nc6 5. c4 h5 6. e3 h4 7. Nc3 Nf6 8. d3 Be6 9. Nd5 Qa5+ 10. Qd2 Bxd5 11. Bxd5 Nb4 12. Bc3 Nfxd5 13. cxd5 hxg3 14. fxg3 Qb5 15. Bxb4 cxb4 16. e4 g6 17. Rd1 Bh6 18. Qf2 f5 19. Nf3 fxe4 20. dxe4 0-0 21. Qe2 Qc5 22. Kf1 Rxf3+ 23. Qxf3 Rf8 24. Qxf8+ Bxf8 25. Kg2 Qc2+ 26. Kh3 Qxe4 27. Rc1 g5 28. Rhf1 g4+ 29. Kh4 Be7+ 30. Kh5 Kg7 0-1

[Event "Munich OIS op 37th"]
[Site "Munich"]
[Date "2017.10.08"]
[Round "9"]
[White "Brem, Stephan"]
[Black "Ovsepyan, Arshak"]
[Result "0-1"]
[WhiteElo "2119"]
[BlackElo "2169"]
[PlyCount "84"]
[EventDate "2017.09.30"]
[EventType "swiss"]
[EventRounds "9"]
[EventCountry "GER"]
[SourceTitle "CBM 181 Extra"]
[Source "ChessBase"]
[SourceDate "2017.12.12"]
[SourceVersion "1"]
[SourceVersionDate "2017.12.12"]
[SourceQuality "1"]

1. f4 b6 2. Nf3 Bb7 3. e3 Nf6 4. Be2 e6 5. 0-0 Be7 6. d3 d5 7. Ne5 Nbd7 8. Nd2 Nxe5 9. fxe5 Nd7 10. d4 0-0 11. Bg4 c5 12. Qe1 Rc8 13. c3 b5 14. Qg3 b4 15. cxb4 cxb4 16. Be2 Qb6 17. Nf3 f5 18. Rf2 Rc7 19. Bd1 a5 20. b3 Ba6 21. Ne1 Rfc8 22. Bb2 Bb5 23. Qf3 Qa6 24. g4 Bh4 25. gxf5 Bxf2+ 26. Qxf2 exf5 27. Qg2 Qg6 28. Bf3 Nb6 29. a3 Qxg2+ 30. Bxg2 a4 31. axb4 axb3 32. Ra5 Bc4 33. Nf3 Ra8 34. Nd2 Rxa5 35. bxa5 Na4 36. Nxc4 dxc4 37. Ba3 b2 38. Bd5+ Kh8 39. Bxb2 Nxb2 40. a6 c3 41. Bb3 c2 42. Bxc2 Rxc2 0-1

[Event "Marianske Lazne op 16th"]
[Site "Marianske Lazne"]
[Date "2017.01.26"]
[Round "7"]
[White "Brem, Stephan"]
[Black "Chudinovskikh, Alexander M"]
[Result "1-0"]
[WhiteElo "2054"]
[BlackElo "2247"]
[PlyCount "67"]
[EventDate "2017.01.21"]
[EventType "swiss"]
[EventRounds "9"]
[EventCountry "CZE"]
[SourceTitle "CBM 176 Extra"]
[Source "ChessBase"]
[SourceDate "2017.03.02"]
[SourceVersion "1"]
[SourceVersionDate "2017.03.02"]
[SourceQuality "1"]

1. b3 Nf6 2. Bb2 e6 3. f4 a5 4. a4 h6 5. Nf3 Rg8 6. g3 g5 7. fxg5 hxg5 8. Bg2 g4 9. Ne5 d6 10. Nc4 Be7 11. 0-0 Nbd7 12. e4 d5 13. exd5 Nxd5 14. Nc3 N7f6 15. Nxd5 Nxd5 16. Qe2 f5 17. Rae1 c6 18. Kh1 Kf8 19. Ne5 Nf6 20. d4 Qe8 21. c4 Qh5 22. Kg1 Rh8 23. Bh1 Bb4 24. Rd1 Bd6 25. Rf2 Ra6 26. c5 Bc7 27. Bc1 Rh7 28. Bf4 Nd5 29. Bxd5 cxd5 30. Nxg4 Bxf4 31. Rxf4 Rg7 32. Rdf1 Ke7 33. Rxf5 Qxg4 34. Rf7+ 1-0

[Event "Pyramiden Franken Cup"]
[Site "Fuerth"]
[Date "2016.09.02"]
[Round "2"]
[White "Brem, Stephan"]
[Black "Ikonnikov, Vyacheslav"]
[Result "0-1"]
[WhiteElo "2114"]
[BlackElo "2538"]
[PlyCount "52"]
[EventDate "2016.09.01"]
[EventType "swiss"]
[EventRounds "7"]
[EventCountry "GER"]
[SourceTitle "CBM 174 Extra"]
[Source "ChessBase"]
[SourceDate "2016.10.10"]
[SourceVersion "1"]
[SourceVersionDate "2016.10.10"]
[SourceQuality "1"]

1. Nc3 c5 2. e4 Nc6 3. f4 g6 4. Nf3 Bg7 5. a4 e6 6. Bb5 Nge7 7. 0-0 0-0 8. Bxc6 Nxc6 9. d3 b6 10. Qe1 d6 11. Bd2 f5 12. Qg3 Bb7 13. h4 Nd4 14. h5 gxh5 15. Qh3 Nxc2 16. Rac1 Nd4 17. Qxh5 Qe8 18. Qh3 a6 19. Rce1 Qg6 20. Nh4 Qg4 21. exf5 Qxh3 22. gxh3 exf5 23. Re7 Rf7 24. Rxf7 Kxf7 25. Kf2 Bf6 26. Ng2 Rg8 0-1

[Event "Staufer op-A 28th"]
[Site "Schwaebisch Gmuend"]
[Date "2016.01.04"]
[Round "5"]
[White "Brem, Stephan"]
[Black "Donchenko, Anatoly G"]
[Result "1/2-1/2"]
[WhiteElo "2075"]
[BlackElo "2320"]
[PlyCount "44"]
[EventDate "2016.01.02"]
[EventType "swiss"]
[EventRounds "9"]
[EventCountry "GER"]
[SourceTitle "CBM 170 Extra"]
[Source "ChessBase"]
[SourceDate "2016.02.25"]
[SourceVersion "1"]
[SourceVersionDate "2016.02.25"]
[SourceQuality "1"]

1. f4 d5 2. Nf3 g6 3. e3 Bg7 4. Be2 c5 5. 0-0 Nc6 6. d3 Nh6 7. c3 0-0 8. e4 dxe4 9. dxe4 e5 10. Nxe5 Qxd1 11. Rxd1 Nxe5 12. fxe5 Ng4 13. Bg5 Be6 14. Be7 Rfc8 15. Bxg4 Bxg4 16. Rd5 b6 17. Bf6 Be6 18. Rd1 Bg4 19. Re1 Rc6 20. h3 Bc8 21. Bxg7 Kxg7 22. Nd2 Be6 1/2-1/2

[Event "Staufer op-A 28th"]
[Site "Schwaebisch Gmuend"]
[Date "2016.01.03"]
[Round "3"]
[White "Brem, Stephan"]
[Black "Teske, Henrik"]
[Result "0-1"]
[WhiteElo "2075"]
[BlackElo "2461"]
[PlyCount "62"]
[EventDate "2016.01.02"]
[EventType "swiss"]
[EventRounds "9"]
[EventCountry "GER"]
[SourceTitle "CBM 170 Extra"]
[Source "ChessBase"]
[SourceDate "2016.02.25"]
[SourceVersion "1"]
[SourceVersionDate "2016.02.25"]
[SourceQuality "1"]

1. f4 d5 2. Nf3 Bg4 3. e3 e6 4. Be2 c5 5. 0-0 Nc6 6. d4 Bd6 7. h3 Bh5 8. c3 Nge7 9. g4 Bg6 10. Ne5 f6 11. Nd3 Qb6 12. dxc5 Bxc5 13. Nxc5 Qxc5 14. a4 a5 15. Na3 0-0 16. Nb5 Qb6 17. Kg2 Be4+ 18. Bf3 Rfd8 19. Qe2 Bxf3+ 20. Qxf3 e5 21. b3 Ng6 22. Kh2 Na7 23. Nxa7 Rxa7 24. Rb1 Qc5 25. Bd2 b6 26. Rfd1 Re7 27. f5 e4 28. Qe2 Ne5 29. Be1 h5 30. Rbc1 hxg4 31. hxg4 Qxe3 0-1

[Event "Pyramiden Franken Cup"]
[Site "Fuerth"]
[Date "2014.09.06"]
[Round "5"]
[White "Brem, Stephan"]
[Black "Schunk, Eduard"]
[Result "0-1"]
[WhiteElo "2099"]
[BlackElo "2316"]
[PlyCount "46"]
[EventDate "2014.09.04"]
[EventType "swiss"]
[EventRounds "7"]
[EventCountry "GER"]
[SourceTitle "CBM 162 Extra"]
[Source "ChessBase"]
[SourceDate "2014.10.17"]
[SourceVersion "1"]
[SourceVersionDate "2014.10.17"]
[SourceQuality "1"]

1. b3 d6 2. Bb2 Nd7 3. e4 Ngf6 4. Nc3 g6 5. f4 Bg7 6. d3 c6 7. Nf3 0-0 8. Be2 e5 9. Qd2 Bh6 10. g3 exf4 11. gxf4 Nh5 12. Ng5 Nxf4 13. Qxf4 Qxg5 14. Qxd6 Qd2+ 15. Kf1 Bf4 16. Qe7 Be5 17. d4 Bxd4 18. Na4 Qf4+ 19. Ke1 Qf2+ 20. Kd1 Bxb2 21. Nxb2 Qd4+ 22. Kc1 Qe3+ 23. Kd1 Nc5 0-1

[Event "Pyramiden Franken Cup"]
[Site "Fuerth"]
[Date "2014.09.05"]
[Round "2"]
[White "Suess, Helmut"]
[Black "Brem, Stephan"]
[Result "0-1"]
[WhiteElo "1961"]
[BlackElo "2099"]
[PlyCount "64"]
[EventDate "2014.09.04"]
[EventType "swiss"]
[EventRounds "7"]
[EventCountry "GER"]
[SourceTitle "CBM 162 Extra"]
[Source "ChessBase"]
[SourceDate "2014.10.17"]
[SourceVersion "1"]
[SourceVersionDate "2014.10.17"]
[SourceQuality "1"]

1. d4 c5 2. d5 d6 3. e4 g6 4. Bb5+ Bd7 5. a4 Na6 6. Ne2 Nc7 7. Bxd7+ Qxd7 8. Nbc3 Bg7 9. 0-0 Nf6 10. h3 0-0 11. Qd3 b6 12. Be3 a6 13. Ra2 e6 14. Rd1 exd5 15. Nxd5 Nfxd5 16. exd5 Rae8 17. Nc3 f5 18. Qd2 Be5 19. Bh6 Rf7 20. Raa1 f4 21. Re1 Qf5 22. Qd1 Rfe7 23. Rb1 b5 24. axb5 axb5 25. h4 b4 26. Na4 f3 27. Be3 fxg2 28. Kxg2 Bd4 29. Rf1 Nxd5 30. Bxd4 Nf4+ 31. Kg3 Qh3+ 32. Kxf4 Re4+ 0-1

[Event "Regionalliga SO 1314"]
[Site "Bayern"]
[Date "2014.02.23"]
[Round "7.6"]
[White "Angermaier, Georg"]
[Black "Brem, Stephan"]
[Result "1/2-1/2"]
[WhiteElo "1997"]
[BlackElo "2052"]
[PlyCount "87"]
[EventDate "2013.10.13"]
[EventType "team-tourn"]
[EventRounds "9"]
[EventCountry "GER"]
[SourceTitle "EXT 2015"]
[Source "ChessBase"]
[SourceDate "2014.11.20"]
[SourceVersion "1"]
[SourceVersionDate "2014.11.20"]
[SourceQuality "1"]
[WhiteTeam "Bruckmuehl"]
[BlackTeam "Ebersberg Grafing"]
[WhiteTeamCountry "GER"]
[BlackTeamCountry "GER"]

1. e4 g6 2. d4 Bg7 3. Nf3 c5 4. Nc3 Qa5 5. Be2 Nc6 6. d5 Nd4 7. Bd2 Nxf3+ 8. Bxf3 d6 9. Qe2 Bd7 10. a4 Nh6 11. g4 f6 12. h3 Nf7 13. Bg2 a6 14. Ra3 Qc7 15. h4 h5 16. gxh5 Rxh5 17. f4 0-0-0 18. Bf3 Rh7 19. Qg2 Rh6 20. Nd1 Rdh8 21. Ne3 g5 22. Nc4 Rxh4 23. Rxh4 Rxh4 24. Ba5 Qb8 25. Nb6+ Kd8 26. Na8+ Ke8 27. Nc7+ Kf8 28. Ne6+ Bxe6 29. dxe6 Nd8 30. Bxd8 Qxd8 31. fxg5 Qa5+ 32. Qd2 Qxd2+ 33. Kxd2 fxg5 34. Rb3 Rh3 35. Ke2 g4 36. Bxg4 Rxb3 37. cxb3 Bxb2 38. Kd3 b5 39. axb5 axb5 40. Kc2 Ba1 41. Be2 b4 42. Bc4 Kg7 43. Kd3 Kf6 44. Bd5 1/2-1/2

[Event "Karl Mala Memorial op-A 16th"]
[Site "Frankfurt"]
[Date "2013.07.14"]
[Round "6"]
[White "Brem, Stephan"]
[Black "Kilthau, Peter"]
[Result "1-0"]
[WhiteElo "2065"]
[BlackElo "1911"]
[PlyCount "65"]
[EventDate "2013.07.11"]
[EventType "swiss"]
[EventRounds "7"]
[EventCountry "GER"]
[SourceTitle "EXT 2014"]
[Source "ChessBase"]
[SourceDate "2013.11.20"]
[SourceVersion "1"]
[SourceVersionDate "2013.11.20"]
[SourceQuality "1"]

1. b3 Nc6 2. Bb2 e5 3. e3 Nf6 4. Bb5 d6 5. Ne2 Bd7 6. f4 a6 7. Bxc6 Bxc6 8. 0-0 Qd7 9. d4 Qg4 10. Ng3 exf4 11. Qxg4 Nxg4 12. exf4 0-0-0 13. Re1 d5 14. h3 Nf6 15. Ba3 g6 16. Bxf8 Rhxf8 17. Nd2 Rfe8 18. c3 h5 19. Nf3 Bd7 20. Re5 h4 21. Nxh4 Ne4 22. Nxe4 dxe4 23. Re1 Rh8 24. g3 Bxh3 25. R5xe4 Rhg8 26. Nf3 f6 27. Re7 Rd7 28. Kf2 Kd8 29. Rxd7+ Kxd7 30. Rh1 Be6 31. Rh7+ Kd6 32. Nd2 Bd7 33. Ne4+ 1-0

[Event "Karl Mala Memorial op-A 16th"]
[Site "Frankfurt"]
[Date "2013.07.12"]
[Round "3"]
[White "Rutsatz, Mario"]
[Black "Brem, Stephan"]
[Result "1-0"]
[WhiteElo "1918"]
[BlackElo "2065"]
[PlyCount "103"]
[EventDate "2013.07.11"]
[EventType "swiss"]
[EventRounds "7"]
[EventCountry "GER"]
[SourceTitle "EXT 2014"]
[Source "ChessBase"]
[SourceDate "2013.11.20"]
[SourceVersion "1"]
[SourceVersionDate "2013.11.20"]
[SourceQuality "1"]

1. d4 d5 2. c4 e6 3. Nc3 f5 4. g3 c6 5. b3 Nf6 6. Bg2 Bd6 7. Nh3 0-0 8. 0-0 Nbd7 9. Bf4 Be7 10. Ng5 Nb8 11. Rb1 Ne4 12. Ngxe4 dxe4 13. f3 Bf6 14. Be5 Bxe5 15. dxe5 Qa5 16. Qe1 Qxe5 17. fxe4 Na6 18. Qd2 Nc5 19. b4 Nd7 20. exf5 exf5 21. e4 a5 22. b5 Nf6 23. Kh1 Be6 24. exf5 Bxc4 25. Rfe1 Qc7 26. bxc6 bxc6 27. Qd4 Qf7 28. Bxc6 Rad8 29. Qf4 Bd5+ 30. Nxd5 Nxd5 31. Qc4 Kh8 32. Re5 Nb4 33. Qxf7 Rxf7 34. Ba4 Nd3 35. Rxa5 Nf2+ 36. Kg2 Ng4 37. Rb2 Ne3+ 38. Kh3 h5 39. f6 g6 40. Ra6 Ng4 41. Bc2 Kh7 42. Bb3 Rxf6 43. Rxf6 Nxf6 44. Kg2 g5 45. Re2 g4 46. a4 Kh6 47. a5 Rb8 48. Bc4 Rb4 49. Rc2 Ra4 50. a6 h4 51. Ra2 h3+ 52. Kf2 1-0

[Event "Teplice op 8th"]
[Site "Teplice"]
[Date "2013.06.24"]
[Round "9"]
[White "Horyna, Josef"]
[Black "Brem, Stephan"]
[Result "0-1"]
[WhiteElo "1875"]
[BlackElo "2065"]
[PlyCount "80"]
[EventDate "2013.06.15"]
[EventType "swiss"]
[EventRounds "9"]
[EventCountry "CZE"]
[SourceTitle "CBM 155 Extra"]
[Source "ChessBase"]
[SourceDate "2013.08.26"]
[SourceVersion "1"]
[SourceVersionDate "2013.08.26"]
[SourceQuality "1"]

1. d4 d5 2. Nf3 e6 3. g3 Bd6 4. Bg2 Nd7 5. 0-0 f5 6. Bg5 Ngf6 7. Nbd2 h6 8. Bxf6 Qxf6 9. e3 c6 10. c4 0-0 11. c5 Bc7 12. b4 e5 13. dxe5 Nxe5 14. Nb3 g5 15. Nxe5 Bxe5 16. Rc1 f4 17. exf4 gxf4 18. Qf3 Qg6 19. Qd1 Qg7 20. b5 Bg4 21. f3 Bd7 22. bxc6 bxc6 23. g4 a5 24. Qd3 a4 25. Nd2 Rfb8 26. Rb1 Bd4+ 27. Kh1 Bxc5 28. Rxb8+ Rxb8 29. Rb1 Rxb1+ 30. Nxb1 Be8 31. h4 Bg6 32. Qd1 Qa1 33. Qxa4 Qxb1+ 34. Kh2 Qg1+ 35. Kh3 Bd6 36. Qxc6 Qc5 37. Qa8+ Kg7 38. Qb7+ Bf7 39. Qb2+ d4 40. Qb7 d3 0-1

[Event "Teplice op 8th"]
[Site "Teplice"]
[Date "2013.06.20"]
[Round "6"]
[White "Jurcik, Martin"]
[Black "Brem, Stephan"]
[Result "1-0"]
[WhiteElo "2350"]
[BlackElo "2065"]
[PlyCount "133"]
[EventDate "2013.06.15"]
[EventType "swiss"]
[EventRounds "9"]
[EventCountry "CZE"]
[SourceTitle "CBM 155 Extra"]
[Source "ChessBase"]
[SourceDate "2013.08.26"]
[SourceVersion "1"]
[SourceVersionDate "2013.08.26"]
[SourceQuality "1"]

1. e4 g6 2. d4 Bg7 3. Nc3 c6 4. Be3 d5 5. Qd2 dxe4 6. Nxe4 Nd7 7. Bc4 Nb6 8. Bb3 Nd5 9. Nf3 Nxe3 10. Qxe3 Bf5 11. Ng3 Nf6 12. Ne5 Nd5 13. Qf3 e6 14. Nxf5 gxf5 15. 0-0-0 Bxe5 16. dxe5 Qg5+ 17. Kb1 Rg8 18. c4 Nb6 19. g3 Nd7 20. Qc3 f4 21. Qd2 0-0-0 22. gxf4 Qh4 23. Qe3 Kc7 24. Rd6 Nb6 25. c5 Nc8 26. Rxd8 Rxd8 27. f5 Qg4 28. fxe6 fxe6 29. h3 Qg2 30. Re1 Ne7 31. Qg3 Rg8 32. Qxg2 Rxg2 33. Bxe6 Rxf2 34. Bg4 Rd2 35. Rf1 Rd5 36. e6 h5 37. Be2 Rxc5 38. Rf7 Kd6 39. Rh7 Re5 40. Bxh5 Kxe6 41. Bg4+ Kf6 42. Kc2 a5 43. Rh6+ Ng6 44. Rh5 Rxh5 45. Bxh5 Ne5 46. Kc3 c5 47. a4 Kg5 48. Bg4 b6 49. Bc8 Kh4 50. b3 Kg5 51. Be6 Kf6 52. Bd5 Kg5 53. Kd2 Kf4 54. h4 Kg4 55. Ke3 Kxh4 56. Ke4 Ng4 57. Be6 Nf2+ 58. Kd5 Kg5 59. Kc6 Kf6 60. Bc4 Ke5 61. Kxb6 Kd6 62. Kxa5 Kc6 63. Be2 Nh3 64. Bf3+ Kc7 65. Kb5 Ng5 66. Bg2 Ne6 67. Bd5 1-0